000 00436nam a22001817a 4500
003 LK-CoMWRAF
005 20230926104349.0
008 230926b |||||||| |||| 00| 0 eng d
040 _aLK-CoMWRAF
_dLK-CoMWRAF
_eLK-CoMWRAF
041 _aeng
082 _a297
_bISL
245 _aIslam and Muslims
260 _aBahrain :
_bDiscover Islam,
490 _aDiscover Islam series 1
650 _aIsalm
650 _aMuslims
942 _cBK
999 _c3678
_d3678